Capitals that start with P - Statistics

General Stats
  • This quiz has been taken 56 times
    35 since last reset
  • The average score is 13 of 16
Answer Stats
Hint Answer % Correct
France Paris
100%
Panama Panama City
96%
Haiti Port-au-Prince
93%
Czech Republic Prague
89%
North Korea Pyongyang
89%
Cambodia Phnom Penh
86%
Papua New Guinea Port Moresby
82%
Kosovo Pristina
82%
Montenegro Podgorica
79%
Suriname Paramaribo
75%
Trinidad and Tobago Port of Spain
75%
Benin Porto-Novo
71%
Cape Verde Praia
68%
Mauritius Port Louis
64%
Micronesia Palikir
61%
Vanuatu Port Vila
57%
No matching quizzes found
Score Distribution
Percent of People with Each Score
Percentile by Number Answered
Your Score History
You have not taken this quiz since the last reset